| 000 | 00792nam a2200229Ia 4500 | ||
|---|---|---|---|
| 001 | 11480 | ||
| 003 | GE_BSU | ||
| 008 | 181216s||||||||xx |||||||||||||| ||und|| | ||
| 040 | _cGE_BSU | ||
| 080 | _a634:631.54+634:631.55 | ||
| 100 | _aკაჭარავა,პ. | ||
| 245 | _aხილის მოსავლის აღება და მოვლა. | ||
| 245 | _cრედ:ნ.ხომიზურაშვილი. | ||
| 250 | _aმე–2 შესწ.გამოც. | ||
| 260 | _aთბილისი. | ||
| 260 | _bსაქ.სსრ მეცნ.აკად.გამბა. | ||
| 260 | _c1950 | ||
| 300 | _a143გვ;21სმ. | ||
| 300 | _eილ. | ||
| 653 | _aხილის მოსავლის აღება და მოვლა. | ||
| 942 | _cBK | ||
| 999 |
_c44676 _d44676 |
||